| 000 -LEADER |
| fixed length control field |
00806nam a2200253Ia 4500 |
| 001 - CONTROL NUMBER |
| control field |
5511 |
| 003 - CONTROL NUMBER IDENTIFIER |
| control field |
GE_BSU |
| 008 - FIXED-LENGTH DATA ELEMENTS--GENERAL INFORMATION |
| fixed length control field |
181216s||||||||xx |||||||||||||| ||und|| |
| 040 ## - CATALOGING SOURCE |
| Transcribing agency |
GE_BSU |
| 080 ## - UNIVERSAL DECIMAL CLASSIFICATION NUMBER |
| Universal Decimal Classification number |
510 |
| 100 ## - MAIN ENTRY--PERSONAL NAME |
| Personal name |
Гельфанд С.И. |
| 245 ## - TITLE STATEMENT |
| Title |
Задачи по элементарной математике. |
| 245 ## - TITLE STATEMENT |
| Remainder of title |
Последовательности. Комбинаторика. Пределы. |
| 245 ## - TITLE STATEMENT |
| Statement of responsibility, etc. |
Ред. серии И.М. Гельфанд. |
| 260 ## - PUBLICATION, DISTRIBUTION, ETC. |
| Place of publication, distribution, etc. |
Москва |
| 260 ## - PUBLICATION, DISTRIBUTION, ETC. |
| Name of publisher, distributor, etc. |
Наука |
| 260 ## - PUBLICATION, DISTRIBUTION, ETC. |
| Date of publication, distribution, etc. |
1965 |
| 300 ## - PHYSICAL DESCRIPTION |
| Extent |
175 с. 20 см. |
| 653 ## - INDEX TERM--UNCONTROLLED |
| Uncontrolled term |
Задачи по элементарной математике. |
| 653 ## - INDEX TERM--UNCONTROLLED |
| Uncontrolled term |
Комбинаторика. |
| 653 ## - INDEX TERM--UNCONTROLLED |
| Uncontrolled term |
Последовательности. |
| 653 ## - INDEX TERM--UNCONTROLLED |
| Uncontrolled term |
Пределы. |
| 942 ## - ADDED ENTRY ELEMENTS (KOHA) |
| Koha item type |
წიგნი |